000 00204 a2200097 4500
001 58290
100 _a
245 _aAwrat, women
260 _aLahore
_bFiction House Lahore
_c1999
090 _c35785
_d35785
942 _aNUST-CAE
_c
_c28652
999 _c293363
_d293363